| 000 | 00665nam a22001817a 4500 | ||
|---|---|---|---|
| 005 | 20251108165537.0 | ||
| 008 | 250721s9999 xx 000 0 ara d | ||
| 082 | 1 | 4 | _aم/920.05661/سيد |
| 100 | 1 | _aدحلان، السيد أحمد بن السيد زيتي | |
| 245 | 1 | 0 | _aأمراء البلد الحرام منذ أولهم في عهد الرسول عليه السلام حتي الشريف الحسين بن علي / |
| 264 | 1 |
_aبيروت : _bالدار المتحدة للنشر، _c[199-]. |
|
| 300 | _a388ص. | ||
| 650 | 1 | 7 | _aالتراجم |
| 650 | 1 | 7 | _aالمدن العربية |
| 650 | 1 | 7 | _aالسعودية |
| 942 |
_2ddc _cREF |
||
| 999 |
_c30390 _d30390 |
||